Geography Quiz

Random Geography or City Quiz

UK Populous Metros Quiz Stats

 Plays Quiz Updated Sep 12, 2018

Score 0/25 Timer 08:00
0 Plays Today
City % Correct
Greater London
99.7%
Greater Manchester
93.3%
Greater Glasgow
86.6%
Liverpool
85.8%
Edinburgh
84.1%
West Midlands
83.9%
Belfast
79.9%
Cardiff
76.3%
Tyneside
72.9%
West Yorkshire
71.7%
Bristol
63.6%
Southampton
57.3%
Nottingham
54.6%
City % Correct
Swansea
54.1%
Portsmouth
53.7%
Sheffield
52.9%
Kingston-upon-Hull
47.3%
Brighton - Worthing - Littlehampton
45.4%
Leicester
44.1%
Reading - Wokingham
36.8%
Coventry - Bedworth
33.9%
The Potteries
30%
Bournemouth
21.9%
Teesside
21.9%
Birkenhead
6%

You're not logged in!

Compare scores with friends on all Sporcle quizzes.
OR
Log In

Sporcle TV

Today on Sporcle TV


Watch our educational content, quiz creation guides, and fun videos on Sporcle TV.

Show Comments

Extras

Top Quizzes Today


Score Distribution

Your Account Isn't Verified!

In order to create a playlist on Sporcle, you need to verify the email address you used during registration. Go to your Sporcle Settings to finish the process.

Report this User

Report this user for behavior that violates our Community Guidelines.

Details: